Home Print Resources E-Books E-Journals IIMT Lecture Series Library Membership Form Book Recommendation Form Campus Tour Take AdmissionAbout Us Contact Us

OPERATION RESEARCH (Record no. 8044)

000 -LEADER
fixed length control field 00328nam a2200145Ia 4500
003 - CONTROL NUMBER IDENTIFIER
control field OSt
005 - DATE AND TIME OF LATEST TRANSACTION
control field 20240209152706.0
008 - FIXED-LENGTH DATA ELEMENTS--GENERAL INFORMATION
fixed length control field 170524s9999 xx 000 0 und d
020 ## - INTERNATIONAL STANDARD BOOK NUMBER
International Standard Book Number 8180542262
040 ## - CATALOGING SOURCE
Transcribing agency iimtu meerut
100 ## - MAIN ENTRY--PERSONAL NAME
Personal name SWARUP- K
245 #0 - TITLE STATEMENT
Title OPERATION RESEARCH
260 ## - PUBLICATION, DISTRIBUTION, ETC.
Name of publisher, distributor, etc. GALGOTIA PUB. HOUSE
942 ## - ADDED ENTRY ELEMENTS (KOHA)
Source of classification or shelving scheme
Koha item type Book Bank
Holdings
Withdrawn status Lost status Source of classification or shelving scheme Damaged status Not for loan Home library Current library Date acquired Barcode Date last seen Uniform Resource Identifier Price effective from Koha item type
          IIMT University Central Library Meerut IIMT University Central Library Meerut 05/31/2017 01-B-85906 05/31/2017 OPERATION RESEARCH 05/31/2017 Book Bank
          IIMT University Central Library Meerut IIMT University Central Library Meerut 05/31/2017 01-B-85907 05/31/2017 OPERATION RESEARCH 05/31/2017 Book Bank
          IIMT University Central Library Meerut IIMT University Central Library Meerut 05/31/2017 01-B-85908 05/31/2017 OPERATION RESEARCH 05/31/2017 Book Bank
          IIMT University Central Library Meerut IIMT University Central Library Meerut 05/31/2017 01-B-85909 05/31/2017 OPERATION RESEARCH 05/31/2017 Book Bank
          IIMT University Central Library Meerut IIMT University Central Library Meerut 05/31/2017 01-B-85910 05/31/2017 OPERATION RESEARCH 05/31/2017 Book Bank
          IIMT University Central Library Meerut IIMT University Central Library Meerut 05/31/2017 01-B-85911 05/31/2017 OPERATION RESEARCH 05/31/2017 Book Bank
          IIMT University Central Library Meerut IIMT University Central Library Meerut 05/31/2017 01-B-85912 05/31/2017 OPERATION RESEARCH 05/31/2017 Book Bank
          IIMT University Central Library Meerut IIMT University Central Library Meerut 05/31/2017 01-B-85913 05/31/2017 OPERATION RESEARCH 05/31/2017 Book Bank
          IIMT University Central Library Meerut IIMT University Central Library Meerut 05/31/2017 01-B-85914 05/31/2017 OPERATION RESEARCH 05/31/2017 Book Bank
          IIMT University Central Library Meerut IIMT University Central Library Meerut 05/31/2017 01-B-85915 05/31/2017 OPERATION RESEARCH 05/31/2017 Book Bank
IIMT, Central Library. All Rights Reserved IIMT,UNIVERSITY © 2023
Implemented and Customised by I CLOUDE EMS
You Are OPAC Visitor No
free web counter

Powered by Koha